| 000 | 00956nam a2200253 a 4500 | ||
|---|---|---|---|
| 001 | BRCA_4189 | ||
| 005 | 20190320204558.0 | ||
| 008 | 130510s2010----mx-a######---#000-0#spa-# | ||
| 041 | _aspa | ||
| 044 | _amx | ||
| 050 | 4 |
_aNK7114 _b.A96 2010 |
|
| 100 | 1 |
_aAymes Fernández, Carla _910801 |
|
| 245 | 1 | 0 |
_aLa platería civil novohispana y decimonónica en los ajuares domésticos _bestudio documental 1600-1850. |
| 260 |
_aCiudad de México _c2010 |
||
| 300 |
_a188 p. _bil. a color |
||
| 500 | _aIncluye piezas de la colección Franz Mayer: p. 40, 46, 49-55, 58-65, 67-76, 78-80 | ||
| 502 | _aTesis Maestría (Maestra en Historia del Arte) UNAM, Facultad de Filosofía y Letras | ||
| 650 | 1 | 4 |
_aTrabajos en plata _ySiglo XVII-XIX _zMéxico _910802 |
| 700 | 1 |
_aCuriel, Gustavo _eDirector _92378 |
|
| 700 | 1 |
_aEsteras Martín, Cristina _eJurado _910803 |
|
| 700 | 1 |
_aSalazar Simarro, Nuria María Rosa _eJurado _910804 |
|
| 902 | _aTES | ||
| 942 |
_2lcc _cTES |
||
| 999 |
_c3905 _d3905 |
||